| 000 | 00456nam a2200181Ia 4500 | ||
|---|---|---|---|
| 001 | 8460 | ||
| 005 | 20260306160611.0 | ||
| 008 | 260306t2005||||xx |||||||||||||| ||spa|| | ||
| 041 | _aESP | ||
| 082 |
_a371.1 _bA62 |
||
| 100 |
_aAntibi, André _eAUT |
||
| 245 | 0 | _aLa constante macabra o como se desalienta a generaciones de alumnos | |
| 260 | _c2005 | ||
| 300 |
_a181 páginas : _c20 cm. |
||
| 650 | _aGEN | ||
| 654 | _aCED | ||
| 942 |
_cLIB _dJUS _fJUS _2ddc _n |
||
| 999 |
_c8460 _d8460 |
||